| 000 | 00601nam a2200205 a 4500 | ||
|---|---|---|---|
| 005 | 20140310183303.0 | ||
| 008 | 050706s19uu xx 00 eng d | ||
| 020 | _a0324259174 | ||
| 050 |
_aHD 30.28 _b.H3757 2004 |
||
| 100 | _aHarrison, Jeffrey S. | ||
| 245 |
_aFoundations in strategic management / _cJeffry S. Harrison, Caron H. St. John. |
||
| 250 | _a3rd ed. | ||
| 260 |
_aOhio : _bThomson/South-Western, _c2004. |
||
| 300 |
_axiii, 175 p. : _bill. ; _c26 cm. |
||
| 521 | _aBSBA | ||
| 650 | _aStrategic planning. | ||
| 700 | _aSt. John, Caron H. | ||
| 942 |
_cBK _2lcc _kFOR |
||
| 999 |
_c21024 _d21024 |
||